| 000 | 00426nam a2200169 a 4500 | ||
|---|---|---|---|
| 001 | 0000-9163 | ||
| 003 | ELIB.Books | ||
| 008 | 110520 1998 | ||
| 035 | _a(ELIB.Books)0000-9315 | ||
| 082 |
_aFic _bFor |
||
| 100 | _aForsyth, Frederick | ||
| 245 | _aUsed in Evidence and Other Stories | ||
| 260 |
_bOxford: Heinemann Elt _c1998 |
||
| 650 | _aFiction | ||
| 942 |
_2ddc _cBK |
||
| 998 |
_cbat _e2011-05-20 |
||
| 999 |
_c9163 _d9163 |
||